Una visión crítica de la realidad centroamericana (segunda parte y final)
Sábháilte in:
| Formáid: | Téacs |
|---|---|
| Ábhair: | |
| Clibeanna: |
Cuir clib leis
Níl clibeanna ann, Bí ar an gcéad duine le clib a chur leis an taifead seo!
|
MARC
| LEADER | 00000 a a2200000 04500 | ||
|---|---|---|---|
| 001 | 18047 | ||
| 003 | |||
| 040 | |||
| 245 | |a Una visión crítica de la realidad centroamericana (segunda parte y final) | ||
| 650 | |a FUERZAS ARMADAS | ||
| 650 | |a PROPIEDAD PRIVADA | ||
| 650 | |a POLITICAS PUBLICAS | ||
| 650 | |a GUATEMALA | ||
| 773 | |g volumen 5, número 18; (1980) páginas 211-112 | ||
| 999 | |c 25354 |d 25354 | ||
| 773 | 0 | |0 42391 |9 3896 |a Agencia Latinoamericana de Información, ALAI |d Quito, Ecuador: ALAI |o 04440 |t ALAI: |x 08275564 (Servicio mensual de información y documentación) | |
